Átadták a felújított erdei iskolát Üllésen
Elmentve itt :
| Dokumentumtípus: | Cikk |
|---|---|
| Megjelent: |
2010-06-23
|
| Sorozat: | Délmagyarország
100 No. 144 |
| Kulcsszavak: | Üllés, Természetvédelmi és oktató központ, Erdei Iskola |
| Online Access: | http://dmarchiv.bibl.u-szeged.hu/143045 |
| LEADER | 00469nab a2200145 i 4500 | ||
|---|---|---|---|
| 001 | delm143045 | ||
| 005 | 20200206114633.0 | ||
| 008 | 200206s2010 hu o 0|| hun d | ||
| 040 | |a SZTE Délmagyarország Archívum |b hun | ||
| 041 | |a hun | ||
| 245 | 0 | 0 | |a Átadták a felújított erdei iskolát Üllésen |h [elektronikus dokumentum] |
| 260 | |c 2010-06-23 | ||
| 300 | |a 6 | ||
| 490 | 0 | |a Délmagyarország |v 100 No. 144 | |
| 695 | |a Üllés, Természetvédelmi és oktató központ, Erdei Iskola | ||